Catálogo público

Report of the State Entomologist on the Noxius and beneficial insects of the State Illinois / (Record no. 206452)

MARC details
000 -CABECERA
campo de control de longitud fija 00854nam a2200253Ia 4500
001 - NÚMERO DE CONTROL
campo de control Para_7817
003 - IDENTIFICADOR DEL NÚMERO DE CONTROL
campo de control CHAP
008 - DATOS DE LONGITUD FIJA--INFORMACIÓN GENERAL
campo de control de longitud fija 220125s1889 xx 000 0 und d
010 ## - NÚMERO DE CONTROL DE LA BIBLIOTECA DEL CONGRESO
Número de control de LC 206452
040 ## - FUENTE DE LA CATALOGACIÓN
Centro/agencia transcriptor CHAP
082 ## - NÚMERO DE LA CLASIFICACIÓN DECIMAL DEWEY
Número de clasificación PA 595.706 F6
100 ## - ENTRADA PRINCIPAL--NOMBRE DE PERSONA
Nombre de persona Forbes, Stephen A.
9 (RLIN) 42281
245 ## - MENCIÓN DE TÍTULO
Título Report of the State Entomologist on the Noxius and beneficial insects of the State Illinois /
Mención de responsabilidad, etc. Stephen A. Forbes
260 ## - PUBLICACIÓN, DISTRIBUCIÓN, ETC.
Lugar de publicación, distribución, etc. Bloomington :
Nombre del editor, distribuidor, etc. Pantagraph Printing and Stationery
500 ## - NOTA GENERAL
Nota general La biblioteca tiene: First annual report, 1883; Thirteenth report, 1908; Seventeenth report, 1915; Eighteenth report, 1916
650 ## - PUNTO DE ACCESO ADICIONAL DE MATERIA--TÉRMINO DE MATERIA
Término de materia o nombre geográfico como elemento de entrada Entomología económica
9 (RLIN) 37145
901 ## - ELEMENTOS DE DATOS A LOCAL LDA (RLIN)
a PA 595.706 F6
902 ## - ELEMENTOS DE DATOS B LOCAL, LDB (RLIN)
a A
905 ## - ELEMENTOS DE DATOS E LOCAL, LDE (RLIN)
a 000000188- 0000000000 00
910 ## - DATOS DE OPCIÓN DEL USUARIO (OCLC)
Datos de opción del usuario 188-
942 ## - ELEMENTOS DE PUNTO DE ACCESO ADICIONAL (KOHA)
Tipo de ítem Koha Parasitologia_
942 ## - ELEMENTOS DE PUNTO DE ACCESO ADICIONAL (KOHA)
Tipo de ítem Koha Parasitologia_
-- 1
Holdings
Estado de retiro Estado de pérdida Fuente del sistema de clasificación o colocación Estado dañado Restricciones de uso No para préstamo Código de colección Localización permanente Ubicación/localización actual Fecha de adquisición Número de inventario Total de préstamos Signatura topográfica completa Código de barras Fecha visto por última vez Número de copia Precio válido a partir de Tipo de ítem Koha Nota pública
    Dewey Decimal Classification   Préstamo interno   General Parasitologia Agricola Parasitologia Agricola 27/10/2005 (PA_5411) (No. UACh )   PA 595.706 F6 4102001137 25/01/2022 Ej.1 25/01/2022 Libro 3
    Dewey Decimal Classification   Préstamo 3 días   General Parasitologia Agricola Parasitologia Agricola 27/10/2005 (PA_5412) (No. UACh C/E)   PA 595.706 F6 4102001138 25/01/2022 Ej.2 25/01/2022 Libro 3
    Dewey Decimal Classification   Préstamo 3 días   General Parasitologia Agricola Parasitologia Agricola 27/10/2005 (PA_5413) (No. UACh C/E)   PA 595.706 F6 4102001139 25/01/2022 Ej.3 25/01/2022 Libro 3
    Dewey Decimal Classification   Préstamo 3 días   General Parasitologia Agricola Parasitologia Agricola 27/10/2005 (PA_5410) (No. UACh C/E)   PA 595.706 F6 4102001140 25/01/2022 Ej.4 25/01/2022 Libro 3